<?xml version="1.0" encoding="UTF-8"?>
<record
    xmlns:xsi="http://www.w3.org/2001/XMLSchema-instance"
    xsi:schemaLocation="http://www.loc.gov/MARC21/slim http://www.loc.gov/standards/marcxml/schema/MARC21slim.xsd"
    xmlns="http://www.loc.gov/MARC21/slim">

  <leader>00582nam a2200145 a 4500</leader>
  <datafield tag="020" ind1=" " ind2=" ">
    <subfield code="a">0947568204</subfield>
  </datafield>
  <datafield tag="040" ind1=" " ind2=" ">
    <subfield code="c">Uk</subfield>
  </datafield>
  <datafield tag="082" ind1="0" ind2="4">
    <subfield code="a">699 TAY 1988 A044 Or.</subfield>
  </datafield>
  <datafield tag="245" ind1="1" ind2="0">
    <subfield code="a">Future trends in information science and technology :</subfield>
    <subfield code="b">proceedings of the Silver Jubilee Conference of the City University's Department of Information Science, the City University, London, 16 January 1987 /</subfield>
  </datafield>
  <datafield tag="260" ind1=" " ind2=" ">
    <subfield code="a">London, U.K. ;</subfield>
    <subfield code="a">Los Angeles, CA, USA :</subfield>
    <subfield code="b">Taylor Graham,</subfield>
    <subfield code="c">c1988.</subfield>
  </datafield>
  <datafield tag="300" ind1=" " ind2=" ">
    <subfield code="a">123 p. :</subfield>
    <subfield code="b">ill. ;</subfield>
    <subfield code="c">23 cm.</subfield>
  </datafield>
  <datafield tag="650" ind1=" " ind2="0">
    <subfield code="a">Information technology</subfield>
  </datafield>
  <datafield tag="700" ind1="2" ind2=" ">
    <subfield code="a">Yates-Mercer, Penelope A.</subfield>
  </datafield>
  <datafield tag="942" ind1=" " ind2=" ">
    <subfield code="c">EK</subfield>
  </datafield>
  <datafield tag="999" ind1=" " ind2=" ">
    <subfield code="c">13375</subfield>
    <subfield code="d">13375</subfield>
  </datafield>
  <datafield tag="952" ind1=" " ind2=" ">
    <subfield code="0">0</subfield>
    <subfield code="1">0</subfield>
    <subfield code="4">0</subfield>
    <subfield code="6">699_000000000000000_TAY_1988_A044_OR</subfield>
    <subfield code="7">0</subfield>
    <subfield code="9">64362</subfield>
    <subfield code="a">LBA</subfield>
    <subfield code="b">LBA</subfield>
    <subfield code="c">A044</subfield>
    <subfield code="d">2017-08-25</subfield>
    <subfield code="o">699 TAY 1988 A044 Or.</subfield>
    <subfield code="p">A20040</subfield>
    <subfield code="r">2017-08-25</subfield>
    <subfield code="w">2017-08-25</subfield>
    <subfield code="y">EK</subfield>
  </datafield>
</record>
